00531nam a22001937a 4500003000500000008004100005020002200046040000800068041000800076082002400084110002700108245002100135260001900156300003700175336002700212337003300239338002900272490003600301BPGM260704e2013 mx aola|r|||| 000 1 spa d a978-607-404-950-3 bspa hENG042I / 813.6 /a P543m aPHIDAL PUBLISHING INC. aDC SUPER FRIENDS aMÉXICOc2013 a9 páginas ;b25.5 cm x 25.6 cm 2rdacontentatextobtxt 2rdamediaasin mediaciónbn 2rdacarrieravolumen bnc0 aMI PRIMER LIBRO DE ROMPECABEZAS